[Event "Nezhmetdinov Memorial 30th"]
[Site "Kazan"]
[Date "2008.06.05"]
[Round "5"]
[White "Kniazev, Igor"]
[Black "Ponkratov, Pavel"]
[Result "0-1"]
[WhiteElo "2285"]
[BlackElo "2499"]
[PlyCount "106"]
[EventDate "2008.06.01"]
[EventType "swiss"]
[EventRounds "9"]
[EventCountry "RUS"]
[SourceTitle "EXT 2009"]
[Source "ChessBase"]
[SourceDate "2008.11.26"]
[SourceVersion "1"]
[SourceVersionDate "2008.11.26"]
[SourceQuality "1"]

1. d4 Nf6 2. c4 e5 3. dxe5 Ng4 4. Nf3 Bc5 5. e3 Nc6 6. Qd5 Qe7 7. Bd2 Ngxe5 8. Nxe5 Nxe5 9. Bc3 d6 10. Be2 c6 11. Qd2 0-0 12. b4 Bb6 13. Na3 Rd8 14. Rd1 Be6 15. Qb2 Qg5 16. Bxe5 dxe5 17. 0-0 e4 18. Rxd8+ Rxd8 19. Rd1 Rxd1+ 20. Bxd1 Bh3 21. g3 Bxe3 22. Qe2 Bd2 23. Nc2 Qd8 24. Qxe4 Bxb4 25. Bg4 Bxg4 26. Qxg4 Bc5 27. Ne3 g6 28. Qe4 Qe7 29. Qf4 h5 30. Kf1 Kg7 31. Ke2 Qe6 32. h3 b5 33. Kd3 a5 34. g4 hxg4 35. Nxg4 Qd6+ 36. Qxd6 Bxd6 37. cxb5 cxb5 38. Kd4 a4 39. Ne3 Kf6 40. Kd5 Bf8 41. Nd1 b4 42. Kc4 Kg5 43. Nb2 b3 44. a3 Bg7 45. Nxa4 b2 46. Nxb2 Bxb2 47. a4 Kf4 48. a5 Ke4 49. a6 Bd4 50. f3+ Ke3 51. f4 Ba7 52. f5 gxf5 53. h4 f4 0-1